[Event "22nd European Teams"]
[Site "Batumi GEO"]
[Date "2019.11.02"]
[Round "9.19"]
[Board "4"]
[White "Klabis, Rokas"]
[Black "Seitaj, Ilir"]
[Result "1-0"]
[WhiteTitle "FM"]
[BlackTitle "IM"]
[WhiteElo "2321"]
[BlackElo "2346"]
[WhiteTeam "Lithuania"]
[BlackTeam "Albania"]
[WhiteFideId "12805246"]
[BlackFideId "4700031"]
[EventDate "2019.10.24"]

1. e4 e5 2. Nf3 Nc6 3. Bc4 Nf6 4. d3 Be7 5. O-O O-O 6. a4 d6 7. a5 a6 8. Nbd2
Be6 9. Re1 Qd7 10. c3 Rae8 11. Bb3 Bxb3 12. Qxb3 Qc8 13. Nc4 Bd8 14. h3 Kh8 15.
Qd1 Ng8 16. d4 f5 17. dxe5 Nxe5 18. Ncxe5 dxe5 19. Qe2 fxe4 20. Ng5 Bxg5 21.
Bxg5 Qf5 22. Bh4 Nf6 23. Bxf6 Rxf6 24. Ra4 Ref8 25. Rf1 Rd6 26. Rxe4 Rd5 27. Rb4
Qc8 28. Ra1 c5 29. Rh4 Qd8 30. Qh5 h6 31. Re4 Rd2 32. Re2 Rxe2 33. Qxe2 Re8 34.
Qe4 Re7 35. Qe3 Qc7 36. b4 cxb4 37. cxb4 Qc4 38. Qd2 Kh7 39. Re1 e4 40. Re3 Re6
41. Qd7 Qc1+ 42. Kh2 Qc6 43. Qxc6 Rxc6 44. Rxe4 b6 45. Re5 bxa5 46. bxa5 Rc2 47.
f4 Ra2 48. h4 Kg6 49. h5+ Kf6 50. Kg3 g5 51. hxg6 Kxg6 52. Re6+ Kf5 53. Rxh6
Ra3+ 54. Kh2 Kxf4 55. Rxa6 Kg4 56. Ra8 Kg5 57. a6 Kg6 58. g3 Kg7 59. Kh3 Ra4 60.
g4 Ra3+ 61. Kh4 Ra5 62. Kg3 Ra4 63. Kf3 Kh7 64. g5 Ra5 65. Kf4 Kg7 66. Kg4 Ra4+
67. Kh5 Kf7 68. Ra7+ Kg8 69. Kh6 Ra1 70. Kg6 Kf8 71. Rf7+ Kg8 72. Rf6 1-0

[Event "22nd European Teams"]
[Site "Batumi GEO"]
[Date "2019.11.02"]
[Round "9.20"]
[Board "1"]
[White "Tate, Alan"]
[Black "Pechac, Jergus"]
[Result "0-1"]
[WhiteTitle "FM"]
[BlackTitle "GM"]
[WhiteElo "2352"]
[BlackElo "2491"]
[WhiteTeam "Scotland"]
[BlackTeam "Slovakia"]
[WhiteFideId "2401878"]
[BlackFideId "14926970"]
[EventDate "2019.10.24"]

1. e4 c5 2. Nf3 Nc6 3. d4 cxd4 4. Nxd4 Nf6 5. Nc3 e6 6. Ndb5 d6 7. Bf4 e5 8. Bg5
a6 9. Na3 b5 10. Nd5 Be7 11. Bxf6 Bxf6 12. c4 b4 13. Nc2 O-O 14. g3 Rb8 15. b3
Bg5 16. Bg2 Be6 17. O-O Qa5 18. a3 bxa3 19. Rxa3 Qc5 20. Nc7 Bc8 21. Nxa6 Bxa6
22. Rxa6 Rxb3 23. Rxc6 Qxc6 24. Nd4 exd4 25. Qxb3 Qc5 26. Rb1 g6 27. Qd3 Bf6 28.
Rb5 Qc7 29. h4 h5 30. Qb3 Kg7 31. Kh2 Qa7 32. Bf3 Qa1 33. Kg2 Qc3 34. Be2 Ra8
35. Rb7 Ra1 36. Bf1 Ra3 37. Qd1 Be5 38. Kg1 d3 39. Qf3 Bf6 40. Rb5 Bd4 41. Rb1
Ra2 42. Qxd3 Bxf2+ 43. Kg2 Qe5 44. Kh3 Bxg3 45. Be2 Bxh4 46. Rf1 Rxe2 0-1

[Event "22nd European Teams"]
[Site "Batumi GEO"]
[Date "2019.11.02"]
[Round "9.20"]
[Board "2"]
[White "Ftacnik, Lubomir"]
[Black "Morrison, Graham SCO"]
[Result "1/2-1/2"]
[WhiteTitle "GM"]
[BlackTitle "FM"]
[WhiteElo "2520"]
[BlackElo "2262"]
[WhiteTeam "Slovakia"]
[BlackTeam "Scotland"]
[WhiteFideId "14900017"]
[BlackFideId "2400090"]
[EventDate "2019.10.24"]

1. Nf3 Nf6 2. c4 c5 3. Nc3 e6 4. g3 b6 5. Bg2 Bb7 6. O-O Be7 7. d4 cxd4 8. Qxd4
d6 9. Rd1 a6 10. Bg5 Nbd7 11. Qd2 O-O 12. Bf4 Ne8 13. Rac1 Qc7 14. b3 Rd8 15.
Ne1 Bxg2 16. Nxg2 Ne5 17. a4 Nf6 18. h3 Qb7 19. Qc2 h6 20. Be3 Rc8 21. f4 Ned7
22. f5 e5 23. Bf2 b5 24. Ne3 bxc4 25. bxc4 Rfe8 26. Ncd5 Nxd5 27. Nxd5 Nf6 28.
Nxf6+ gxf6 29. Rb1 Qa8 30. Qd3 Qc6 31. Rdc1 Qxa4 32. Be3 Bf8 33. Qe4 Qd7 34. Rb6
Kh7 35. Rxa6 Rc7 36. Qh4 Rec8 37. c5 Qb5 38. Qc4 Qxc4 39. Rxc4 d5 40. Rc1 Rc6
41. Rxc6 Rxc6 42. Bf2 d4 43. e3 d3 1/2-1/2

[Event "22nd European Teams"]
[Site "Batumi GEO"]
[Date "2019.11.02"]
[Round "9.20"]
[Board "3"]
[White "Abdulla, Murad"]
[Black "Nayhebaver, Martin"]
[Result "0-1"]
[WhiteTitle "FM"]
[BlackTitle "IM"]
[WhiteElo "2263"]
[BlackElo "2481"]
[WhiteTeam "Scotland"]
[BlackTeam "Slovakia"]
[WhiteFideId "2403757"]
[BlackFideId "14923432"]
[EventDate "2019.10.24"]

1. e4 c5 2. Nf3 d6 3. d4 cxd4 4. Nxd4 Nf6 5. Nc3 a6 6. Be3 e5 7. Nf3 Qc7 8. a4
Be6 9. Be2 h6 10. O-O Nbd7 11. Nd2 Be7 12. Kh1 O-O 13. f4 exf4 14. Bxf4 Rac8 15.
Nf3 Qb6 16. Rb1 Nc5 17. a5 Qd8 18. Qd4 d5 19. exd5 Nxd5 20. Nxd5 Bxd5 21. Rbd1
Ne6 22. Qxd5 Qxd5 23. Rxd5 Nxf4 24. Rd7 Bf6 25. Bd1 Bxb2 26. Rxb7 Bc3 27. Ra7
Rc6 28. g3 Nd5 29. Be2 Nb4 30. Rd1 Re8 31. Bf1 Rf6 32. Bg2 Nxc2 33. Rc1 Re2 34.
Ra8+ Kh7 35. Bf1 Re1 36. Rxe1 Nxe1 37. Be2 Nxf3 38. Rxa6 Rxa6 39. Bxa6 Bxa5 40.
Kg2 Ne5 41. h3 Kg6 42. Bb7 Kf5 43. Bd5 g5 0-1

[Event "22nd European Teams"]
[Site "Batumi GEO"]
[Date "2019.11.02"]
[Round "9.20"]
[Board "4"]
[White "Mazur, Stefan"]
[Black "Muir, Andrew J"]
[Result "1/2-1/2"]
[WhiteTitle "IM"]
[BlackTitle "IM"]
[WhiteElo "2435"]
[BlackElo "2271"]
[WhiteTeam "Slovakia"]
[BlackTeam "Scotland"]
[WhiteFideId "14909332"]
[BlackFideId "2400138"]
[EventDate "2019.10.24"]

1. e4 c5 2. Nf3 Nc6 3. d4 cxd4 4. Nxd4 Nf6 5. Nc3 d6 6. Bg5 e6 7. Qd2 Be7 8.
O-O-O O-O 9. f4 Nxd4 10. Qxd4 Qa5 11. Kb1 h6 12. h4 Rd8 13. Qe3 Qc5 14. Qxc5
dxc5 15. Rxd8+ Bxd8 16. Bxf6 Bxf6 17. e5 Be7 18. g3 Bd7 19. Bg2 Rb8 20. Rd1 Be8
21. a4 b6 22. Ka2 Rd8 23. Rxd8 Bxd8 24. Kb3 Kf8 25. Kc4 f6 26. exf6 Bxf6 27. b3
Bxc3 28. Kxc3 Ke7 29. Be4 Kd6 30. g4 Bd7 31. Kd3 a5 32. Ke3 c4 33. Kd4 cxb3 34.
cxb3 b5 1/2-1/2